[Event "Online Olym Div Top-B"]
[Site "Chess.com INT"]
[Date "2020.08.22"]
[Round "6.4"]
[White "Zhukova, Natalia"]
[Black "Fisher, Michelle M"]
[Result "1-0"]
[WhiteElo "2328"]
[BlackElo "1668"]
[PlyCount "101"]
[EventDate "2020.08.21"]
[EventType "team-tourn (rapid)"]
[EventRounds "9"]
[EventCountry "USA"]
[SourceTitle "CBM 198"]
[Source "ChessBase"]
[SourceDate "2020.10.31"]
[SourceVersion "1"]
[SourceVersionDate "2020.10.31"]
[SourceQuality "1"]
[WhiteTeam "Ukraine"]
[BlackTeam "South Africa"]
[WhiteTeamCountry "UKR"]
[BlackTeamCountry "RSA"]

1. c4 Nf6 2. Nc3 d5 3. cxd5 Nxd5 4. Nf3 g6 5. e4 Nb6 6. d4 Bg7 7. Be3 c6 8. h3 N8d7 9. a4 a5 10. Qb3 0-0 11. Rd1 Nf6 12. d5 Nbd7 13. dxc6 bxc6 14. e5 Ne8 15. e6 fxe6 16. Ng5 Nc7 17. Bc4 Qe8 18. Bxe6+ Nxe6 19. Qxe6+ Kh8 20. Qxc6 Rb8 21. Ne6 Nf6 22. Qxe8 Rxe8 23. Nxg7 Kxg7 24. Rd2 Ba6 25. f3 Rb7 26. Kf2 Reb8 27. Rb1 Rc8 28. Bd4 Kf7 29. Nb5 Bxb5 30. axb5 Rxb5 31. Re1 Rcb8 32. Re5 Rxe5 33. Bxe5 Rb7 34. g4 Nd7 35. Bc3 a4 36. Rd5 e6 37. Ra5 Nb6 38. Rb5 Rb8 39. Be5 Rb7 40. Bd4 Rd7 41. Bxb6 Rd2+ 42. Kg3 Rd3 43. Bc5 Rd5 44. Rb7+ Kf6 45. Bb4 h5 46. Bc3+ e5 47. f4 Rd3+ 48. Kh4 a3 49. Bxe5+ Ke6 50. bxa3 Rxa3 51. Rg7 1-0

[Event "RSA-ch (Women)"]
[Site "Cape Town"]
[Date "2019.12.09"]
[Round "3"]
[White "Fisher, Michelle M"]
[Black "Engelbrecht, Hanri"]
[Result "0-1"]
[WhiteElo "1721"]
[BlackElo "1463"]
[PlyCount "72"]
[EventDate "2019.12.07"]
[EventType "tourn"]
[EventRounds "11"]
[EventCountry "RSA"]
[SourceTitle "CBM 193 Extra"]
[Source "ChessBase"]
[SourceDate "2020.01.31"]
[SourceVersion "1"]
[SourceVersionDate "2020.01.31"]
[SourceQuality "1"]

1. e4 d5 2. exd5 Nf6 3. Nf3 Bg4 4. Be2 Qxd5 5. Nc3 Qf5 6. h3 Bxf3 7. Bxf3 c6 8. 0-0 Nbd7 9. d4 e6 10. Qe2 g5 11. Ne4 Rg8 12. Nxf6+ Nxf6 13. Qe5 0-0-0 14. Qxf5 exf5 15. c3 c5 16. Rd1 h5 17. dxc5 Rxd1+ 18. Bxd1 Bxc5 19. b4 Bb6 20. c4 Bd4 21. Rb1 g4 22. Bc2 Ne4 23. Bxe4 fxe4 24. hxg4 hxg4 25. Bf4 g3 26. Be3 Bxe3 27. fxe3 Rd8 28. Rf1 Rd2 29. Rxf7 Rxa2 30. Kf1 b6 31. Rf4 a5 32. bxa5 bxa5 33. Rxe4 Rf2+ 34. Ke1 a4 35. Rd4 a3 36. Rd1 a2 0-1

[Event "RSA-ch (Women)"]
[Site "Cape Town"]
[Date "2019.12.07"]
[Round "1"]
[White "Fisher, Michelle M"]
[Black "Laubscher, Anzel"]
[Result "0-1"]
[WhiteElo "1721"]
[BlackElo "1746"]
[PlyCount "82"]
[EventDate "2019.12.07"]
[EventType "tourn"]
[EventRounds "11"]
[EventCountry "RSA"]
[SourceTitle "CBM 193 Extra"]
[Source "ChessBase"]
[SourceDate "2020.01.31"]
[SourceVersion "1"]
[SourceVersionDate "2020.01.31"]
[SourceQuality "1"]

1. e4 e5 2. Nf3 Qe7 3. Nc3 c6 4. Bc4 d6 5. 0-0 Bg4 6. d3 Nd7 7. h3 Bh5 8. Be3 b5 9. Bb3 h6 10. a3 g5 11. g4 Bg6 12. d4 a6 13. dxe5 dxe5 14. Qe2 Ngf6 15. Rfd1 Bg7 16. Qd3 Rc8 17. Qd6 Nxe4 18. Nxe4 Bxe4 19. Qxe7+ Kxe7 20. Ne1 Bg6 21. Rd2 Rhd8 22. Rad1 Ke8 23. c3 Bf8 24. Nf3 e4 25. Nd4 Ne5 26. Kg2 c5 27. Ne2 Rxd2 28. Rxd2 c4 29. Bc2 Rd8 30. Nd4 Nf3 31. Rd1 Ne5 32. Rd2 Nd3 33. Bxd3 exd3 34. Rd1 Rd5 35. Re1 Kd7 36. Bd2 Bc5 37. Nf3 f6 38. h4 Rd6 39. hxg5 hxg5 40. Rh1 Re6 41. Re1 Be4 0-1

[Event "Olympiad Women-43"]
[Site "Batumi"]
[Date "2018.10.03"]
[Round "9.3"]
[White "Makhlouf, Ahlam"]
[Black "Fisher, Michelle M"]
[Result "0-1"]
[WhiteElo "1408"]
[BlackElo "1707"]
[PlyCount "98"]
[EventDate "2018.09.24"]
[EventType "team-swiss"]
[EventRounds "11"]
[EventCountry "GEO"]
[SourceTitle "EXT 2020"]
[Source "ChessBase"]
[SourceDate "2019.10.17"]
[SourceVersion "1"]
[SourceVersionDate "2019.10.17"]
[SourceQuality "1"]
[WhiteTeam "Morocco (W)"]
[BlackTeam "South Africa (W)"]
[WhiteTeamCountry "MAR"]
[BlackTeamCountry "RSA"]

1. e4 e5 2. Nf3 Nc6 3. Bc4 Nf6 4. d3 Be7 5. 0-0 d6 6. h3 0-0 7. c3 Na5 8. Bb3 Nxb3 9. Qxb3 h6 10. Be3 c6 11. Nbd2 Qc7 12. d4 Be6 13. Qc2 Nd7 14. Rfd1 d5 15. c4 dxe4 16. Nxe4 f5 17. Nc5 Nxc5 18. dxc5 f4 19. Bd2 Bxc5 20. Bc3 Bf5 21. Qe2 e4 22. Nh4 f3 23. Qf1 Bxh3 24. gxh3 Qg3+ 25. Ng2 fxg2 26. Qxg2 Qxg2+ 27. Kxg2 Rxf2+ 28. Kh1 e3 29. Rd7 Rf7 30. Rad1 Raf8 31. Rxf7 Rxf7 32. Re1 Rf2 33. b4 Rc2 34. Be5 Bxb4 35. Rxe3 Rxc4 36. Rb3 b5 37. Rg3 g5 38. Rd3 Rc1+ 39. Kg2 Rc2+ 40. Kf3 Rd2 41. Rxd2 Bxd2 42. Bd4 a5 43. Bc5 Kf7 44. Kg4 Bb4 45. Bd4 c5 46. Bb2 c4 47. Kh5 c3 48. Bc1 Kg7 49. a3 Bd6 0-1

[Event "Olympiad Women-43"]
[Site "Batumi"]
[Date "2018.10.02"]
[Round "8.2"]
[White "Santos, Judith"]
[Black "Fisher, Michelle M"]
[Result "0-1"]
[WhiteElo "1702"]
[BlackElo "1707"]
[PlyCount "86"]
[EventDate "2018.09.24"]
[EventType "team-swiss"]
[EventRounds "11"]
[EventCountry "GEO"]
[SourceTitle "EXT 2020"]
[Source "ChessBase"]
[SourceDate "2019.10.17"]
[SourceVersion "1"]
[SourceVersionDate "2019.10.17"]
[SourceQuality "1"]
[WhiteTeam "El Salvador (W)"]
[BlackTeam "South Africa (W)"]
[WhiteTeamCountry "ESA"]
[BlackTeamCountry "RSA"]

1. e4 e5 2. Nf3 Nc6 3. Bc4 Nf6 4. d3 Be7 5. c3 d6 6. Bb3 0-0 7. 0-0 Na5 8. Bc2 c5 9. h3 Nc6 10. Qe2 h6 11. Rd1 Re8 12. Nbd2 Bf8 13. Nf1 a6 14. a4 d5 15. g4 d4 16. Ng3 g6 17. Nh2 Nh7 18. f4 exf4 19. Bxf4 Bd6 20. Bxd6 Qxd6 21. Kg2 Ne5 22. Rf1 Re6 23. Bb3 Rf6 24. Rxf6 Nxf6 25. Rd1 Be6 26. Bxe6 Qxe6 27. c4 b5 28. cxb5 axb5 29. axb5 Qb3 30. Rd2 Qxb5 31. Nf3 Nfd7 32. Nxe5 Nxe5 33. Nh1 Ra6 34. h4 Rf6 35. Rd1 Rf3 36. Nf2 Re3 37. Qc2 Nf3 38. Rh1 Ne1+ 39. Rxe1 Rxe1 40. Nd1 Qa5 41. h5 Qa1 42. Nf2 Rg1+ 43. Kf3 Qe1 0-1

[Event "Olympiad Women-43"]
[Site "Batumi"]
[Date "2018.09.27"]
[Round "4.35"]
[White "Fisher, Michelle M"]
[Black "Hotami, Mutriba"]
[Result "0-1"]
[WhiteElo "1707"]
[BlackElo "1840"]
[PlyCount "98"]
[EventDate "2018.09.24"]
[EventType "team-swiss"]
[EventRounds "11"]
[EventCountry "GEO"]
[SourceTitle "EXT 2020"]
[Source "ChessBase"]
[SourceDate "2019.10.17"]
[SourceVersion "1"]
[SourceVersionDate "2019.10.17"]
[SourceQuality "1"]
[WhiteTeam "South Africa (W)"]
[BlackTeam "Tajikistan (W)"]
[WhiteTeamCountry "RSA"]
[BlackTeamCountry "TJK"]

1. e4 d5 2. exd5 Qxd5 3. Nc3 Qd6 4. d4 Nf6 5. Nf3 Bf5 6. Bd3 Bxd3 7. Qxd3 c6 8. Bg5 Nbd7 9. 0-0-0 e6 10. Rhe1 Be7 11. Kb1 0-0-0 12. h3 Qb4 13. Ne4 h6 14. Bd2 Qb6 15. Qb3 Qxb3 16. axb3 Nxe4 17. Rxe4 Bf6 18. Ne5 Nxe5 19. dxe5 Bg5 20. f4 Be7 21. Kc1 g6 22. Be3 b6 23. Red4 Kc7 24. Rxd8 Rxd8 25. Rxd8 Bxd8 26. g4 Kd7 27. Kd2 c5 28. Kd3 Kc6 29. c4 f5 30. exf6 Bxf6 31. Bc1 h5 32. Ke4 hxg4 33. hxg4 b5 34. f5 exf5+ 35. gxf5 gxf5+ 36. Kxf5 Bd4 37. Ke4 a5 38. Kd3 Kb6 39. Ke4 a4 40. cxb5 axb3 41. Kd3 Kxb5 42. Kd2 Kc4 43. Ke2 Bf6 44. Kd2 Bg5+ 45. Kd1 Bxc1 46. Kxc1 Kd3 47. Kb1 Kd2 48. Ka1 c4 49. Kb1 Kd1 0-1

[Event "Pretoria Capablanca B"]
[Site "Pretoria"]
[Date "2018.04.29"]
[Round "5"]
[White "Vasco Mateus, Felizardo Viagei"]
[Black "Fisher, Michelle M"]
[Result "1/2-1/2"]
[WhiteElo "1593"]
[BlackElo "1740"]
[PlyCount "121"]
[EventDate "2018.04.27"]
[EventType "tourn"]
[EventRounds "9"]
[EventCountry "RSA"]
[SourceTitle "CBM 184 Extra"]
[Source "ChessBase"]
[SourceDate "2018.06.28"]
[SourceVersion "1"]
[SourceVersionDate "2018.06.28"]
[SourceQuality "1"]

1. e4 c5 2. Nf3 Nc6 3. Bb5 Nd4 4. Nxd4 cxd4 5. 0-0 e5 6. d3 Nf6 7. Bc4 Be7 8. f4 d6 9. f5 d5 10. exd5 Nxd5 11. Qe2 Bf6 12. Qe4 Nb6 13. Bb3 Qc7 14. Nd2 Bd7 15. Qe2 Bc6 16. Ne4 0-0-0 17. a4 Nd5 18. Bd2 Nf4 19. Qf2 Bxe4 20. dxe4 Bg5 21. a5 Kb8 22. a6 b6 23. Kh1 d3 24. Bc3 Ne2 25. cxd3 Nxc3 26. bxc3 Rxd3 27. Bd5 Rxc3 28. Bb7 Rd8 29. Rad1 Rxd1 30. Rxd1 Rc1 31. Qe1 Rxd1 32. Qxd1 Qc1 33. Qxc1 Bxc1 34. g4 f6 35. Kg2 Kc7 36. Kf3 b5 37. Ke2 b4 38. Bd5 Kb6 39. Bc4 Kc5 40. Kd3 g6 41. fxg6 hxg6 42. Bf7 g5 43. Bc4 Bf4 44. h3 Bg3 45. Bb3 Kb5 46. Bc4+ Ka5 47. Kc2 Ka4 48. Bd5 Kb5 49. Bb7 Kc4 50. Bd5+ Kd4 51. Kb3 Be1 52. Bc6 Ke3 53. Bb7 Kf4 54. Kc4 Kg3 55. Bc8 Kxh3 56. Kb3 Kg3 57. Kc4 Kf3 58. Bf5 Ke3 59. Kb3 Kd3 60. Bg6 Kd4 61. Bf5 1/2-1/2

[Event "Pretoria Capablanca B"]
[Site "Pretoria"]
[Date "2018.04.28"]
[Round "4"]
[White "Fisher, Michelle M"]
[Black "Nel, Andre"]
[Result "0-1"]
[WhiteElo "1740"]
[BlackElo "1836"]
[PlyCount "58"]
[EventDate "2018.04.27"]
[EventType "tourn"]
[EventRounds "9"]
[EventCountry "RSA"]
[SourceTitle "CBM 184 Extra"]
[Source "ChessBase"]
[SourceDate "2018.06.28"]
[SourceVersion "1"]
[SourceVersionDate "2018.06.28"]
[SourceQuality "1"]

1. e4 e5 2. Nf3 Nc6 3. d4 exd4 4. Bc4 Nf6 5. e5 Ne4 6. 0-0 d5 7. Bb5 Bg4 8. h3 Bxf3 9. Qxf3 Qd7 10. Qd3 Bc5 11. Bf4 Bb6 12. b4 a5 13. c3 0-0 14. bxa5 Rxa5 15. Bxc6 Qxc6 16. cxd4 Ra4 17. Be3 Rfa8 18. Rc1 Rxd4 19. Qb3 Rc4 20. Na3 Bxe3 21. Nxc4 Bxc1 22. Rxc1 dxc4 23. Rxc4 Nc5 24. Qc2 b6 25. Rh4 Qg6 26. Qd1 Ne6 27. Qb3 h6 28. f4 Qe4 29. g3 Rd8 0-1

[Event "Pretoria Capablanca B"]
[Site "Pretoria"]
[Date "2018.04.27"]
[Round "2"]
[White "Maredi, Alex Donald Lebogan"]
[Black "Fisher, Michelle M"]
[Result "1-0"]
[WhiteElo "1771"]
[BlackElo "1740"]
[PlyCount "75"]
[EventDate "2018.04.27"]
[EventType "tourn"]
[EventRounds "9"]
[EventCountry "RSA"]
[SourceTitle "CBM 184 Extra"]
[Source "ChessBase"]
[SourceDate "2018.06.28"]
[SourceVersion "1"]
[SourceVersionDate "2018.06.28"]
[SourceQuality "1"]

1. d4 Nf6 2. Nf3 c5 3. c4 g6 4. g3 Bg7 5. Bg2 0-0 6. Nc3 d5 7. dxc5 dxc4 8. Qa4 Nd5 9. Bd2 Nxc3 10. Bxc3 Bxc3+ 11. bxc3 Qd5 12. Qa3 Na6 13. c6 Qxc6 14. Qxe7 Re8 15. Qh4 Qe6 16. 0-0 h5 17. Rfd1 Qg4 18. Qf6 Qe6 19. Qf4 Kg7 20. Rd6 Qe7 21. Ng5 Bf5 22. e4 Be6 23. Nxe6+ fxe6 24. e5 Nc5 25. Qxc4 Rac8 26. Rad1 b6 27. Qd4 Rc7 28. Bh3 g5 29. Bf1 Qf7 30. Qe3 Qf5 31. Bd3 Nxd3 32. R1xd3 Ree7 33. Kg2 Rf7 34. Qe2 Rc5 35. Re3 Kg6 36. Rd4 Rfc7 37. Rf3 Rxe5 38. Qd1 1-0

[Event "RSA Inter Regional-ch"]
[Site "Boksburg"]
[Date "2018.01.09"]
[Round "2.4"]
[White "Fisher, Michelle M"]
[Black "Goldberg, Shmuel"]
[Result "1/2-1/2"]
[WhiteElo "1730"]
[BlackElo "1699"]
[PlyCount "72"]
[EventDate "2018.01.09"]
[EventType "team-swiss"]
[EventRounds "7"]
[EventCountry "RSA"]
[SourceTitle "CBM 189 Extra"]
[Source "ChessBase"]
[SourceDate "2019.06.03"]
[SourceVersion "1"]
[SourceVersionDate "2019.06.03"]
[SourceQuality "1"]
[WhiteTeam "Tshwane Rebels"]
[BlackTeam "JHB Metro Lions"]
[WhiteTeamCountry "RSA"]
[BlackTeamCountry "RSA"]

1. e4 e5 2. Nf3 Nc6 3. d4 exd4 4. Nxd4 Qf6 5. Be3 Bc5 6. c3 Nge7 7. Nc2 d6 8. Nd2 0-0 9. Nb3 Rd8 10. Qd2 Be6 11. Nbd4 Qg6 12. f3 Ne5 13. Nxe6 Bxe3 14. Qxe3 Qxe6 15. Nd4 Qd7 16. Be2 c5 17. Nc2 Qc7 18. 0-0-0 d5 19. f4 N5c6 20. Kb1 Qb6 21. exd5 Nxd5 22. Qf3 Nce7 23. Bc4 Nf6 24. g4 Rxd1+ 25. Rxd1 Rd8 26. Ne3 Nc6 27. g5 Rxd1+ 28. Qxd1 Ne4 29. Qd3 Nf2 30. Qd7 Qd8 31. Qxf7+ Kh8 32. Qd5 Qe8 33. Qe6 Qd8 34. Qd5 Qe8 35. Qf7 Qd8 36. Qxb7 Ne7 1/2-1/2

[Event "RSA-ch (Women)"]
[Site "Durbanville"]
[Date "2017.12.11"]
[Round "3"]
[White "Van Niekerk, Megan C"]
[Black "Fisher, Michelle M"]
[Result "0-1"]
[WhiteElo "1654"]
[BlackElo "1750"]
[PlyCount "82"]
[EventDate "2017.12.09"]
[EventType "tourn"]
[EventRounds "11"]
[EventCountry "RSA"]
[SourceTitle "CBM 182 Extra"]
[Source "ChessBase"]
[SourceDate "2018.02.23"]
[SourceVersion "1"]
[SourceVersionDate "2018.02.23"]
[SourceQuality "1"]

1. d4 Nf6 2. Nd2 d5 3. Ngf3 g6 4. e3 Bg7 5. b4 Ne4 6. Bb2 c5 7. Nxe4 dxe4 8. Nd2 cxd4 9. Nxe4 Nc6 10. a3 0-0 11. exd4 Nxd4 12. c3 Qd5 13. f3 Qb3 14. Qxb3 Nxb3 15. Rd1 a5 16. Bc4 a4 17. Kf2 Bf5 18. g4 Bxe4 19. fxe4 Rfc8 20. Bd5 Rab8 21. Rd3 e6 22. Bxb3 axb3 23. Rhd1 b5 24. g5 Be5 25. h4 Rc4 26. Kf3 Rbc8 27. Rd8+ Rxd8 28. Rxd8+ Kg7 29. Rd3 h6 30. Re3 hxg5 31. hxg5 f6 32. gxf6+ Kxf6 33. Kg4 g5 34. Kf3 Bf4 35. Rd3 Ke5 36. Rd4 g4+ 37. Kxg4 Rxd4 38. cxd4+ Kxe4 39. a4 bxa4 40. b5 Bc7 41. Kg5 Bb6 0-1

[Event "Livingstone zt 4.3 (Women)"]
[Site "Livingstone"]
[Date "2017.06.15"]
[Round "7"]
[White "De Bruyn, Aleida"]
[Black "Fisher, Michelle M"]
[Result "1-0"]
[WhiteElo "1702"]
[BlackElo "1724"]
[PlyCount "87"]
[EventDate "2017.06.10"]
[EventType "swiss"]
[EventRounds "9"]
[EventCountry "ZAM"]
[SourceTitle "EXT 2020"]
[Source "ChessBase"]
[SourceDate "2019.10.17"]
[SourceVersion "1"]
[SourceVersionDate "2019.10.17"]
[SourceQuality "1"]

1. c4 e5 2. g3 Nf6 3. Bg2 d5 4. cxd5 Nxd5 5. Nc3 Nb6 6. Nf3 Nc6 7. 0-0 Be7 8. a3 0-0 9. b4 a6 10. d3 Be6 11. Be3 Nd5 12. Nxd5 Bxd5 13. Rc1 f6 14. Qc2 Bd6 15. Bc5 Qe7 16. Nh4 Bxg2 17. Qc4+ Qf7 18. Kxg2 g6 19. Qg4 f5 20. Qg5 Qf6 21. Qxf6 Rxf6 22. Nf3 Re8 23. Nd2 Re7 24. Nb3 e4 25. Bxd6 cxd6 26. d4 d5 27. e3 Na7 28. Rc5 Rd7 29. Rfc1 Nb5 30. a4 Nd6 31. Rxd5 Kf7 32. Rdc5 Ke8 33. b5 axb5 34. axb5 Nf7 35. Rc8+ Rd8 36. R8c7 Rb6 37. Na5 Rxb5 38. Nxb7 Rd7 39. Rc8+ Ke7 40. Nc5 Ra7 41. Rc6 Nd8 42. Ra6 Rc7 43. Rc3 Ke8 44. Nxe4 1-0

[Event "Livingstone zt 4.3 (Women)"]
[Site "Livingstone"]
[Date "2017.06.12"]
[Round "5"]
[White "Fisher, Michelle M"]
[Black "Laubscher, Anzel"]
[Result "1/2-1/2"]
[WhiteElo "1724"]
[BlackElo "1802"]
[PlyCount "38"]
[EventDate "2017.06.10"]
[EventType "swiss"]
[EventRounds "9"]
[EventCountry "ZAM"]
[SourceTitle "EXT 2020"]
[Source "ChessBase"]
[SourceDate "2019.10.17"]
[SourceVersion "1"]
[SourceVersionDate "2019.10.17"]
[SourceQuality "1"]

1. e4 c5 2. Nf3 e6 3. d4 cxd4 4. Nxd4 Nf6 5. Bd3 Nc6 6. Nxc6 bxc6 7. e5 Nd5 8. Nc3 Nxc3 9. bxc3 Qa5 10. f4 Qxc3+ 11. Bd2 Qd4 12. Rb1 Qd5 13. 0-0 Bc5+ 14. Kh1 Bb6 15. Qe1 Qc5 16. Bb4 Qe3 17. Bd2 Qc5 18. Bb4 Qe3 19. Bd2 Qc5 1/2-1/2

[Event "Livingstone zt 4.3 (Women)"]
[Site "Livingstone"]
[Date "2017.06.12"]
[Round "4"]
[White "Mudongo, Boikhutso"]
[Black "Fisher, Michelle M"]
[Result "1-0"]
[WhiteElo "1774"]
[BlackElo "1724"]
[PlyCount "117"]
[EventDate "2017.06.10"]
[EventType "swiss"]
[EventRounds "9"]
[EventCountry "ZAM"]
[SourceTitle "EXT 2020"]
[Source "ChessBase"]
[SourceDate "2019.10.17"]
[SourceVersion "1"]
[SourceVersionDate "2019.10.17"]
[SourceQuality "1"]

1. e4 c5 2. Nf3 d6 3. d4 cxd4 4. Nxd4 Nf6 5. Nc3 g6 6. Be2 Bg7 7. Be3 Nc6 8. Qd2 0-0 9. 0-0-0 d5 10. Nxc6 bxc6 11. exd5 cxd5 12. Nxd5 Nxd5 13. Qxd5 Qc7 14. Qc5 Qb7 15. b3 Bf5 16. Bd3 Rfc8 17. Qa3 Bxd3 18. Rxd3 Qxg2 19. Rhd1 Qc6 20. c4 Qf6 21. Kd2 Rd8 22. Rxd8+ Rxd8+ 23. Ke2 Rxd1 24. Kxd1 Qa1+ 25. Ke2 Qe5 26. Qxa7 Qb2+ 27. Bd2 Bh6 28. Qa8+ Kg7 29. Qa5 f6 30. Kd3 Qb1+ 31. Ke2 Qc2 32. c5 Kf7 33. Qc3 Qxa2 34. b4 Qa6+ 35. Qd3 Qa2 36. b5 Bxd2 37. Qxd2 Qc4+ 38. Qd3 Qxc5 39. Qb3+ Ke8 40. b6 Qe5+ 41. Kf1 Kd7 42. Qa4+ Kd6 43. Qe8 Qa1+ 44. Kg2 Qb1 45. Qb8+ Ke6 46. Qc8+ Kf7 47. b7 Qe4+ 48. Kf1 Qb1+ 49. Ke2 Qb2+ 50. Kd3 Qb3+ 51. Kd4 e5+ 52. Kc5 Qc3+ 53. Kd6 Qd4+ 54. Kc7 Qc5+ 55. Kb8 Qe7 56. Qc4+ Ke8 57. Qc6+ Qd7 58. Qxd7+ Kxd7 59. Ka7 1-0

[Event "Livingstone zt 4.3 (Women)"]
[Site "Livingstone"]
[Date "2017.06.11"]
[Round "2"]
[White "Francis, Onkemetse"]
[Black "Fisher, Michelle M"]
[Result "0-1"]
[WhiteElo "1837"]
[BlackElo "1724"]
[PlyCount "108"]
[EventDate "2017.06.10"]
[EventType "swiss"]
[EventRounds "9"]
[EventCountry "ZAM"]
[SourceTitle "EXT 2020"]
[Source "ChessBase"]
[SourceDate "2019.10.17"]
[SourceVersion "1"]
[SourceVersionDate "2019.10.17"]
[SourceQuality "1"]

1. e4 c5 2. Nc3 Nc6 3. g3 g6 4. Bg2 Bg7 5. d3 d6 6. Be3 Nf6 7. h3 Rb8 8. Qd2 b5 9. Bh6 0-0 10. Bxg7 Kxg7 11. Nf3 b4 12. Ne2 e5 13. 0-0 h6 14. Kh2 Be6 15. Nfg1 Qd7 16. f4 Nd4 17. Nf3 Nxe2 18. Qxe2 exf4 19. gxf4 Qc7 20. Qf2 Rbe8 21. Kh1 Nh5 22. Ng1 f5 23. Ne2 fxe4 24. dxe4 Bc4 25. Ng3 Nxg3+ 26. Qxg3 Bxf1 27. Rxf1 Qe7 28. Qd3 Qf6 29. Qb3 Re7 30. a3 a5 31. c3 Qf7 32. Qd1 Qf6 33. axb4 axb4 34. cxb4 cxb4 35. Qd2 b3 36. Rf2 Rc8 37. Qd3 Qe6 38. Qg3 Rc1+ 39. Kh2 Rf7 40. Rf3 Qxe4 41. Rf2 Qe1 42. Qf3 Rc2 43. Rf1 Qe2 44. Kg3 Qxf3+ 45. Rxf3 Rxb2 46. Rd3 Rxg2+ 47. Kxg2 Rb7 48. Rd1 b2 49. Rb1 Kf6 50. Kf3 Kf5 51. Ke3 Rb3+ 52. Kd2 Kxf4 53. Kc2 Rxh3 54. Rxb2 d5 0-1

[Event "Johannesburg PSS Capablanca-C"]
[Site "Johannesburg"]
[Date "2017.05.01"]
[Round "9"]
[White "Fisher, Michelle M"]
[Black "Molebatsi, Teboho"]
[Result "1-0"]
[WhiteElo "1696"]
[BlackElo "1781"]
[PlyCount "79"]
[EventDate "2017.04.26"]
[EventType "tourn"]
[EventRounds "9"]
[EventCountry "RSA"]
[SourceTitle "CBM 178 Extra"]
[Source "ChessBase"]
[SourceDate "2017.06.22"]
[SourceVersion "1"]
[SourceVersionDate "2017.06.22"]
[SourceQuality "1"]

1. e4 e5 2. Nf3 Nc6 3. d4 exd4 4. Bc4 Bc5 5. Ng5 Nh6 6. Nxf7 Nxf7 7. Bxf7+ Kxf7 8. Qh5+ g6 9. Qd5+ Kg7 10. Qxc5 d6 11. Qg5 Qxg5 12. Bxg5 h6 13. Bf4 Rf8 14. Bg3 Nb4 15. Na3 Be6 16. b3 Rad8 17. 0-0 a6 18. Rfd1 c5 19. c3 Nc6 20. cxd4 Nxd4 21. Re1 b5 22. Rac1 b4 23. Nc4 Bxc4 24. Rxc4 Rfe8 25. f3 Re6 26. e5 d5 27. Rxc5 Nb5 28. Rd1 Nc3 29. Rd2 d4 30. Kf2 Nb1 31. Rd3 Nc3 32. Rd2 g5 33. h4 Kg6 34. hxg5 hxg5 35. Rc4 d3 36. Ke3 Ne2 37. Bh2 Rh8 38. Kxd3 Nc1+ 39. Rxc1 Rxh2 40. Rc5 1-0

[Event "Johannesburg PSS Capablanca-C"]
[Site "Johannesburg"]
[Date "2017.04.30"]
[Round "7"]
[White "Fisher, Michelle M"]
[Black "Mantati, Victor S"]
[Result "1/2-1/2"]
[WhiteElo "1696"]
[BlackElo "1699"]
[PlyCount "77"]
[EventDate "2017.04.26"]
[EventType "tourn"]
[EventRounds "9"]
[EventCountry "RSA"]
[SourceTitle "CBM 178 Extra"]
[Source "ChessBase"]
[SourceDate "2017.06.22"]
[SourceVersion "1"]
[SourceVersionDate "2017.06.22"]
[SourceQuality "1"]

1. e4 c5 2. Nf3 d6 3. d4 cxd4 4. Nxd4 g6 5. c4 Bg7 6. Be3 Nd7 7. Nc3 Ngf6 8. Be2 a6 9. 0-0 b6 10. Qd2 Bb7 11. f3 0-0 12. Rab1 Rc8 13. b3 Re8 14. Nc2 Ne5 15. Nb4 Ned7 16. Rfd1 a5 17. Nd3 Bc6 18. a3 Ra8 19. b4 axb4 20. axb4 Ra3 21. Qc2 Ng4 22. Bd2 Bd4+ 23. Kh1 Bxc3 24. Bxc3 Ba4 25. Qb2 Rb3 26. Qd2 Rxc3 27. Qxc3 Bxd1 28. Bxd1 Ngf6 29. Ba4 Qc7 30. Re1 Ra8 31. Bb5 Qa7 32. e5 Nxe5 33. Nxe5 dxe5 34. Qxe5 Rd8 35. h3 Kf8 36. Ra1 Qb7 37. Ba6 Qd7 38. Bb5 Qb7 39. Ba6 1/2-1/2

[Event "Johannesburg PSS Capablanca-C"]
[Site "Johannesburg"]
[Date "2017.04.30"]
[Round "8"]
[White "Masiya, Mfundo"]
[Black "Fisher, Michelle M"]
[Result "1/2-1/2"]
[WhiteElo "1462"]
[BlackElo "1696"]
[PlyCount "57"]
[EventDate "2017.04.26"]
[EventType "tourn"]
[EventRounds "9"]
[EventCountry "RSA"]
[SourceTitle "CBM 178 Extra"]
[Source "ChessBase"]
[SourceDate "2017.06.22"]
[SourceVersion "1"]
[SourceVersionDate "2017.06.22"]
[SourceQuality "1"]

1. e4 c5 2. Nf3 d6 3. d4 cxd4 4. Nxd4 Nf6 5. Nc3 g6 6. Be3 Bg7 7. f3 Nc6 8. Qd2 0-0 9. Bc4 Bd7 10. 0-0-0 Rc8 11. Bb3 Nxd4 12. Bxd4 b5 13. Bxa7 b4 14. Ne2 Qa5 15. Be3 Ba4 16. Bxa4 Qxa4 17. Kb1 Ra8 18. Nc1 Rfc8 19. Qd3 Nd7 20. Qb3 Nc5 21. Qxa4 Nxa4 22. Bd4 Bh6 23. h4 Ra6 24. Nd3 Rc4 25. Bf2 Bg7 26. Be1 Rb6 27. h5 Rc8 28. f4 Bxb2 29. Nxb2 1/2-1/2

[Event "Johannesburg PSS Capablanca-C"]
[Site "Johannesburg"]
[Date "2017.04.29"]
[Round "6"]
[White "Modi, Yashil"]
[Black "Fisher, Michelle M"]
[Result "0-1"]
[WhiteElo "1626"]
[BlackElo "1696"]
[PlyCount "72"]
[EventDate "2017.04.26"]
[EventType "tourn"]
[EventRounds "9"]
[EventCountry "RSA"]
[SourceTitle "CBM 178 Extra"]
[Source "ChessBase"]
[SourceDate "2017.06.22"]
[SourceVersion "1"]
[SourceVersionDate "2017.06.22"]
[SourceQuality "1"]

1. d4 Nf6 2. c4 g6 3. Nc3 Bg7 4. e4 d6 5. f4 0-0 6. Nf3 c5 7. d5 b5 8. cxb5 a6 9. b6 Qxb6 10. Bc4 a5 11. 0-0 Ba6 12. Qb3 Qb4 13. Bxa6 Nxa6 14. e5 Nd7 15. Re1 Qxb3 16. axb3 Nb4 17. e6 fxe6 18. Rxe6 Rfe8 19. Bd2 Nb6 20. Rae1 N6xd5 21. Nb5 Nd3 22. R1e4 Reb8 23. Nxd6 exd6 24. Rxd6 N5b4 25. Rd7 Re8 26. Ng5 Rad8 27. Ree7 Bd4+ 28. Kf1 Rxe7 29. Rxe7 Bf6 30. Re6 Bxg5 31. fxg5 Rf8+ 32. Kg1 Nf4 33. Re4 Nfd5 34. Rc4 Rd8 35. Rxc5 Nb6 36. Bc3 Rd1+ 0-1

[Event "Johannesburg PSS Capablanca-C"]
[Site "Johannesburg"]
[Date "2017.04.27"]
[Round "2"]
[White "Fisher, Michelle M"]
[Black "Tembo, Epah"]
[Result "1-0"]
[WhiteElo "1696"]
[BlackElo "1819"]
[PlyCount "95"]
[EventDate "2017.04.26"]
[EventType "tourn"]
[EventRounds "9"]
[EventCountry "RSA"]
[SourceTitle "CBM 178 Extra"]
[Source "ChessBase"]
[SourceDate "2017.06.22"]
[SourceVersion "1"]
[SourceVersionDate "2017.06.22"]
[SourceQuality "1"]

1. e4 e6 2. d4 d5 3. Nc3 dxe4 4. Nxe4 Nd7 5. Nf3 Ngf6 6. Bd3 Be7 7. 0-0 b6 8. c3 Bb7 9. Nxf6+ Nxf6 10. Bb5+ c6 11. Bd3 0-0 12. Ne5 c5 13. Be3 Rc8 14. dxc5 Bxc5 15. Bxc5 Rxc5 16. Re1 Rd5 17. Qc2 Qd6 18. Nc4 Qf4 19. Ne3 Rh5 20. h3 Rxh3 21. gxh3 Qf3 22. Kf1 Ne4 23. Red1 Qxh3+ 24. Ke1 Qh1+ 25. Nf1 f5 26. Qe2 h6 27. Bc4 Rf6 28. Rd8+ Kh7 29. Qe3 Rg6 30. Be2 Rg2 31. Bf3 Ba6 32. Bxg2 Qxg2 33. Kd1 Qxf1+ 34. Qe1 Qh3 35. Kc2 Nc5 36. Rad1 Bd3+ 37. R8xd3 Nxd3 38. Rxd3 Qh2 39. Rd2 e5 40. Re2 e4 41. f3 Qe5 42. fxe4 f4 43. Rd2 g5 44. Qe2 Kg6 45. Qf3 h5 46. Rd5 Qe6 47. Qd3 Kf7 48. Rxg5 1-0